[Event "Washington State-ch"]
[Site "Kirkland"]
[Date "2020.02.09"]
[Round "3"]
[White "Zhang, Derek"]
[Black "Sang, Tian"]
[Result "1-0"]
[WhiteElo "2216"]
[BlackElo "2237"]
[PlyCount "63"]
[EventDate "2020.02.08"]
[EventType "tourn"]
[EventRounds "9"]
[EventCountry "USA"]
[SourceTitle "EXT 2023"]
[Source "ChessBase"]
[SourceDate "2022.10.05"]
[SourceVersion "1"]
[SourceVersionDate "2022.10.05"]
[SourceQuality "1"]

1. Nf3 e6 2. c4 Nf6 3. e3 b6 4. d4 Bb7 5. Bd3 Bb4+ 6. Bd2 a5 7. Nc3 d6 8. Qc2 Nbd7 9. 0-0-0 Bxc3 10. Bxc3 Qe7 11. Rhe1 0-0 12. Nd2 e5 13. f3 Rfe8 14. e4 Ba6 15. Nf1 Nh5 16. g3 g6 17. Kb1 Reb8 18. Ne3 Nhf6 19. f4 b5 20. cxb5 Bxb5 21. Bxb5 Rxb5 22. dxe5 dxe5 23. fxe5 Nxe5 24. Nd5 Nxd5 25. exd5 f6 26. Bxe5 fxe5 27. d6 Qe6 28. dxc7 Kg7 29. Rd8 Rc8 30. Red1 Rb7 31. R1d7+ Kh6 32. Qd2+ 1-0

[Event "Washington State-ch"]
[Site "Redmond"]
[Date "2019.02.16"]
[Round "1"]
[White "Tiglon, Bryce"]
[Black "Sang, Tian"]
[Result "1/2-1/2"]
[WhiteElo "2390"]
[BlackElo "2316"]
[PlyCount "75"]
[EventDate "2019.02.16"]
[EventType "tourn"]
[EventRounds "9"]
[EventCountry "USA"]
[SourceTitle "EXT 2023"]
[Source "ChessBase"]
[SourceDate "2022.10.05"]
[SourceVersion "1"]
[SourceVersionDate "2022.10.05"]
[SourceQuality "1"]

1. e4 e5 2. Nf3 Nc6 3. Bb5 Nge7 4. Nc3 d6 5. d4 a6 6. Bc4 Nxd4 7. Nxd4 exd4 8. Qxd4 Nc6 9. Qd2 Be7 10. Nd5 0-0 11. 0-0 Re8 12. f3 Be6 13. Be2 Bf8 14. c4 f5 15. exf5 Bxf5 16. b3 Ne5 17. Bb2 c6 18. Ne3 Bg6 19. Rae1 Nd7 20. Bd3 Bxd3 21. Qxd3 Qa5 22. Re2 Rad8 23. Bc3 Qh5 24. Rfe1 Nc5 25. Qd2 Qg5 26. Qc2 Qg6 27. Nf5 Rxe2 28. Rxe2 Qf7 29. Bxg7 Bxg7 30. Re7 Bd4+ 31. Kf1 Qf8 32. b4 Bf6 33. Rxh7 Kxh7 34. Ne7+ Kg7 35. Qg6+ Kh8 36. Qh5+ Kg7 37. Qg6+ Kh8 38. Qh5+ 1/2-1/2

[Event "Washington State-ch"]
[Site "Redmond"]
[Date "2016.02.06"]
[Round "1"]
[White "Kaufman, Raymond"]
[Black "Sang, Tian"]
[Result "1/2-1/2"]
[WhiteElo "2315"]
[BlackElo "2277"]
[PlyCount "80"]
[EventDate "2016.02.06"]
[EventType "tourn"]
[EventRounds "9"]
[EventCountry "USA"]
[SourceTitle "EXT 2018"]
[Source "ChessBase"]
[SourceDate "2017.10.13"]
[SourceVersion "1"]
[SourceVersionDate "2017.10.13"]
[SourceQuality "1"]

1. d4 f5 2. Nc3 Nf6 3. Bg5 d5 4. Bxf6 exf6 5. e3 Be6 6. Qf3 Qd7 7. Nge2 g5 8. g3 Nc6 9. 0-0-0 0-0-0 10. h4 Rg8 11. hxg5 fxg5 12. Rh5 h6 13. Qh1 Qf7 14. Bg2 Kb8 15. Kb1 Rg6 16. Nc1 f4 17. gxf4 Rf6 18. fxg5 Rxf2 19. gxh6 Bg4 20. h7 Qxh5 21. Qxh5 Bxh5 22. h8Q Bxd1 23. Be4 dxe4 24. Nxd1 Rf1 25. Nc3 Bb4 26. Qh7 Re1 27. Qh3 Rg8 28. a3 Bxc3 29. bxc3 a6 30. Kb2 Na5 31. Qe6 Rgg1 32. Nb3 Rb1+ 33. Ka2 Nxb3 34. cxb3 Ra1+ 35. Kb2 Rab1+ 36. Kc2 Rbc1+ 37. Kd2 Rcd1+ 38. Ke2 Rde1+ 39. Kf2 Ref1+ 40. Ke2 Re1+ 1/2-1/2

[Event "Washington State-ch"]
[Site "Seattle"]
[Date "2015.02.07"]
[Round "2"]
[White "Schill, William"]
[Black "Sang, Tian"]
[Result "1-0"]
[WhiteElo "2241"]
[BlackElo "2289"]
[PlyCount "91"]
[EventDate "2015.02.07"]
[EventType "tourn"]
[EventRounds "9"]
[EventCountry "USA"]
[SourceTitle "EXT 2017"]
[Source "ChessBase"]
[SourceDate "2016.10.25"]
[SourceVersion "1"]
[SourceVersionDate "2016.10.25"]
[SourceQuality "1"]

1. e4 e5 2. Nf3 Nc6 3. Bb5 a6 4. Bxc6 dxc6 5. 0-0 Qd6 6. d3 f6 7. Be3 Bg4 8. Nbd2 0-0-0 9. Qb1 c5 10. Nc4 Qd7 11. Nfd2 Be6 12. a3 Nh6 13. b4 cxb4 14. axb4 Nf7 15. Ra5 Qc6 16. b5 axb5 17. Ra8+ Kd7 18. Na5 Rxa8 19. Nxc6 bxc6 20. Nb3 Bd6 21. d4 Kc8 22. Rd1 Rd8 23. d5 cxd5 24. exd5 Bf5 25. Nd2 Rb8 26. Qa2 Kd7 27. f3 Ke7 28. g4 Bd7 29. Qb2 Ra8 30. Ra1 h6 31. Ra2 Ng5 32. Kg2 Rdb8 33. h4 Nf7 34. Qa1 Rxa2 35. Qxa2 h5 36. Qa7 Rh8 37. g5 Rc8 38. Ne4 f5 39. Nc5 Bxc5 40. Qxc5+ Ke8 41. f4 c6 42. d6 Be6 43. g6 Bd5+ 44. Kf2 Nd8 45. Qa7 Kf8 46. Qe7+ 1-0

[Event "USA tt"]
[Site "ICC INT"]
[Date "2014.09.23"]
[Round "5"]
[White "Studen, Damir"]
[Black "Sang, Tian"]
[Result "1/2-1/2"]
[WhiteElo "2264"]
[BlackElo "2287"]
[PlyCount "124"]
[EventDate "2014.08.26"]
[EventType "team-tourn"]
[EventRounds "10"]
[EventCountry "USA"]
[SourceTitle "CBM 162 Extra"]
[Source "ChessBase"]
[SourceDate "2014.10.17"]
[SourceVersion "1"]
[SourceVersionDate "2014.10.17"]
[SourceQuality "1"]
[WhiteTeam "Atlanta"]
[BlackTeam "Seattle"]
[WhiteTeamCountry "USA"]
[BlackTeamCountry "USA"]

1. d4 f5 2. c4 Nf6 3. Nc3 e6 4. a3 c6 5. d5 cxd5 6. cxd5 e5 7. e4 f4 8. Nf3 d6 9. Bb5+ Kf7 10. g3 a6 11. Be2 fxg3 12. fxg3 h6 13. 0-0 Be7 14. Nh4 g6 15. Be3 Kg7 16. Bf3 Nbd7 17. Qe2 Rf8 18. Rac1 Nh7 19. Qd2 Bg5 20. Ng2 Nc5 21. Qc2 Bh3 22. Rce1 Rc8 23. Bxc5 Rxc5 24. Qe2 Qd7 25. Rf2 Bd8 26. Ne3 Bb6 27. Bg2 Rcc8 28. Ref1 Rxf2 29. Qxf2 Rf8 30. Nf5+ Qxf5 31. exf5 Bxf2+ 32. Rxf2 Bxg2 33. fxg6 Rxf2 34. Kxf2 Bxd5 35. Nxd5 Kxg6 36. Kf3 Nf6 37. Ne7+ Kh7 38. Nf5 d5 39. Nd6 b6 40. Nc8 b5 41. Ne7 Kg7 42. Nc6 e4+ 43. Kf4 Kf7 44. Kf5 Nd7 45. Nb4 Nb6 46. Nxa6 Nc4 47. Kf4 Ke6 48. Nc7+ Kd6 49. Nxb5+ Kc5 50. Nc3 Nxb2 51. Nxe4+ dxe4 52. Kxe4 Kd6 53. Kf5 Nc4 54. Kg6 Nxa3 55. Kxh6 Nc4 56. Kg6 Ke6 57. h4 Ne5+ 58. Kg7 Kf5 59. h5 Ng4 60. h6 Nxh6 61. Kxh6 Kg4 62. Kg6 Kxg3 1/2-1/2

[Event "Washington State-ch"]
[Site "Seattle"]
[Date "2014.02.09"]
[Round "3"]
[White "Feng, Roland"]
[Black "Sang, Tian"]
[Result "0-1"]
[WhiteElo "2100"]
[BlackElo "2302"]
[PlyCount "70"]
[EventDate "2014.02.08"]
[EventType "tourn"]
[EventRounds "9"]
[EventCountry "USA"]
[SourceTitle "EXT 2017"]
[Source "ChessBase"]
[SourceDate "2016.10.25"]
[SourceVersion "1"]
[SourceVersionDate "2016.10.25"]
[SourceQuality "1"]

1. d4 Nf6 2. c4 e6 3. Nc3 Bb4 4. Qc2 0-0 5. a3 Bxc3+ 6. Qxc3 b6 7. Nf3 Bb7 8. e3 d6 9. Bd3 Nbd7 10. b4 Qe7 11. Bb2 Ne4 12. Qc2 f5 13. 0-0 a5 14. Nd2 Nxd2 15. Qxd2 e5 16. d5 c6 17. f4 cxd5 18. cxd5 axb4 19. axb4 Rxa1 20. Rxa1 exf4 21. exf4 Nf6 22. Ra7 Ra8 23. Bxf6 Qxf6 24. Rxb7 Qd4+ 25. Kf1 Ra1+ 26. Ke2 Rg1 27. Rb8+ Kf7 28. Kf3 g5 29. Rb7+ Kg8 30. Re7 Rf1+ 31. Kg3 gxf4+ 32. Kh3 Qf6 33. Re8+ Kf7 34. Re6 Qg5 35. Qe2 Qg3+ 0-1

[Event "USA tt"]
[Site "ICC INT"]
[Date "2013.10.23"]
[Round "9"]
[White "Adamson, Robby"]
[Black "Sang, Tian"]
[Result "1-0"]
[WhiteElo "2278"]
[BlackElo "2302"]
[PlyCount "121"]
[EventDate "2013.08.27"]
[EventType "team-tourn"]
[EventRounds "10"]
[EventCountry "USA"]
[SourceTitle "EXT 2014"]
[Source "ChessBase"]
[SourceDate "2013.11.20"]
[SourceVersion "1"]
[SourceVersionDate "2013.11.20"]
[SourceQuality "1"]
[WhiteTeam "Arizona"]
[BlackTeam "Seattle"]
[WhiteTeamCountry "USA"]
[BlackTeamCountry "USA"]

1. e4 e5 2. Nf3 Nc6 3. Bc4 Bc5 4. c3 Qe7 5. 0-0 d6 6. h3 Nf6 7. Re1 Bb6 8. Na3 0-0 9. d4 h6 10. Bd5 Re8 11. Bxc6 bxc6 12. dxe5 dxe5 13. Qa4 Bb7 14. Nc4 Qc5 15. Ne3 Rad8 16. Qc4 Qxc4 17. Nxc4 Ba6 18. Ncxe5 Nxe4 19. Be3 f5 20. Nxc6 Rd6 21. Bxb6 axb6 22. Ncd4 g6 23. a4 Kf8 24. Nb5 Bxb5 25. axb5 Nc5 26. Rxe8+ Kxe8 27. Re1+ Kf7 28. Nd4 Ne6 29. Nf3 Kf6 30. Ne5 Nf4 31. Kf1 Rd5 32. Nc4 Rxb5 33. h4 Rd5 34. g3 Ne6 35. Ke2 b5 36. Ne3 Rd6 37. Ra1 h5 38. Ra7 Ke5 39. Ra5 Kf6 40. Rxb5 c6 41. Rb6 Nc5 42. Nc2 Re6+ 43. Kf1 Nd7 44. Ra6 Nc5 45. Rb6 Nd7 46. Rb7 Nc5 47. Rc7 Nd3 48. b4 g5 49. hxg5+ Kxg5 50. Rd7 Nb2 51. Nd4 Rh6 52. Rg7+ Kf6 53. Rc7 Ke5 54. Re7+ Kd5 55. Nxf5 Rf6 56. Ne3+ Kd6 57. Rh7 Nd3 58. f4 c5 59. Rxh5 Kc6 60. Rd5 Nxf4 61. Rxc5+ 1-0

[Event "Washington Class-ch Master"]
[Site "Redmond"]
[Date "2012.11.24"]
[Round "2"]
[White "Lee, Megan Shuen Hui"]
[Black "Sang, Tian"]
[Result "0-1"]
[WhiteElo "2101"]
[BlackElo "2213"]
[PlyCount "90"]
[EventDate "2012.11.23"]
[EventType "swiss"]
[EventRounds "6"]
[EventCountry "USA"]
[SourceTitle "EXT 2017"]
[Source "ChessBase"]
[SourceDate "2016.10.25"]
[SourceVersion "1"]
[SourceVersionDate "2016.10.25"]
[SourceQuality "1"]

1. e4 e5 2. Nf3 Nc6 3. Bb5 f5 4. Bxc6 dxc6 5. Nxe5 Qd4 6. Nf3 Qxe4+ 7. Qe2 Qxe2+ 8. Kxe2 Bd6 9. Re1 Ne7 10. d4 0-0 11. Kf1 Ng6 12. c4 c5 13. d5 f4 14. b3 h6 15. Nbd2 a5 16. Ne4 Bf5 17. Bb2 a4 18. Rad1 b6 19. Rd2 Bg4 20. Ng1 axb3 21. h3 Bd7 22. axb3 b5 23. Nf3 bxc4 24. bxc4 Ra4 25. Rc2 Bf5 26. Rcc1 Rb8 27. Ba1 Rba8 28. Nfd2 f3 29. g3 Bxh3+ 30. Kg1 Bf5 31. Bc3 Ra2 32. Nxf3 Rf8 33. Kg2 Bg4 34. Nfd2 h5 35. Ra1 Rc2 36. Ra7 Be5 37. Ba5 Bd4 38. Bxc7 Rxd2 39. Nxd2 Rxf2+ 40. Kh1 Rxd2 41. Ra3 Bh3 42. Rae3 Bg2+ 43. Kg1 h4 44. g4 h3 45. Bg3 h2+ 0-1